000 00418nam a2200157Ia 4500
999 _c3749
_d3749
020 _a81-7829-373-0
082 _a362.82920954 BEH;
245 0 _aBehind closed doors: domestic violence in India
260 _aNew Delhi
_bSage Publications
_c2004
300 _a234p.
650 _aFamily violence - India
650 _aDomestic violence
650 _aWife abuse - India
700 _aBhattacharya, Rinki
942 _cBK